000 00626nam a2200205Ia 4500
003 GCL
008 140319s9999 xx 000 0 ara d
040 _aGCL /
_cGCL
082 0 4 _a813.008
_bف ط
100 1 _aفؤاد شاكر
245 1 0 _aطرائف ومواقف من التاريخ الاسلامى /
_cفؤاد شاكر
260 _a[S.N] :
_bالدار المصرية اللبنانية ،
_c1993
300 _a127 ص
490 _a
650 0 4 _aالادب العربى
650 0 4 _aالقصص العربية
650 0 4 _aالتاريخ الاسلامى
650 0 4 _aالمجموعات
942 _2ddc
_cBK
999 _c30468
_d30468